000 00378nam a22001457a 4500
003 SGT
020 _a8178884623
082 _a384.3
_bC08S
100 _aSIMON DAS, MULLICK
245 _aCollege Handbook of TV News Production and Creative Writing
260 _aNEW DELHI
_bDOMINANT PUBLISHER NEW DELHI
_c2008
300 _a347
650 _aMASS COMMUNICATION
942 _2ddc
_cBK
999 _c13149
_d13149